Statistics for Biggest Cities in Latin America Quiz

Click here to take the quiz!

General Stats

  • This quiz has been taken 28,114 times
    (12,638 since last reset)
  • The average score is 15 of 26

Answer Stats

Population City % Correct
13.2 mRio de Janeiro
95%
16.4 mBuenos Aires
93%
23.0 mMexico City
92%
22.4 mSão Paulo
90%
10.1 mLima
88%
9.60 mBogotá
88%
7.25 mSantiago
88%
3.75 mCaracas
84%
4.00 mBrasília
82%
2.73 mQuito
72%
4.03 mMedellín
59%
5.35 mGuadalajara
57%
3.15 mGuatemala City
54%
5.00 mBelo Horizonte
48%
5.00 mMonterrey
43%
3.85 mRecife
40%
2.88 mCali
40%
4.00 mSanto Domingo
40%
3.60 mSalvador
38%
4.13 mPorto Alegre
33%
3.68 mFortaleza
33%
3.23 mPort-au-Prince
31%
3.15 mGuayaquil
25%
3.43 mCuritiba
24%
3.18 mPuebla
18%
3.20 mCampinas
10%

Score Distribution

Percentile by Number Answered

Percent of People with Each Score

Your Score History

You have not taken this quiz since the last reset